Statistics for African Geography by Letter - U

Click here to take the quiz!

General Stats

  • This quiz has been taken 61 times
  • The average score is 4 of 20

Answer Stats

HintAnswer% Correct
Country in the African Great Lakes regionUganda
100%
Saint Helena is an overseas territory of this countryUnited Kingdom
89%
The southern of the two main regions of Ancient EgyptUpper Egypt
36%
River that forms part of the border between the Central African Republic and the Democratic Republic of the Congo, before flowing into the CongoUbangi River
30%
Islamic empire (based in Asia) that ruled much of North Africa in the 8th centuryUmayyad Caliphate
30%
Football team from the Canary Islands that competes in La LigaUD Las Palmas
18%
Capital of Akwa Ibom State in southeast NigeriaUyo
18%
The main island of ZanzibarUnguja
16%
Summit of Mount KilimanjaroUhuru Peak
11%
Capital of Abia State in southeast NigeriaUmuahia
11%
Mountain range in TanzaniaUsambara Mountains
10%
Tributary of the above riverUele River
8%
Largest island in Lake Victoria (located in Tanzania)Ukerewe
8%
Most widely spoken Indigenous language of AngolaUmbundu
8%
Smallest Old Kingdom pyramid in EgyptPyramid of Unas
7%
County in western KenyaUasin Gishu
7%
Mountain range in TanzaniaUdzungwa Mountains
7%
Province and and its capital in northern AngolaUíge
7%
Mountain range in TanzaniaUluguru Mountains
7%
1979 African Champions League-winning football team from CameroonUnion Douala
7%

Score Distribution

Percentile by Number Answered

Percent of People with Each Score

Your Score History

You have not taken this quiz